000
00263nam a2200085Ia 4500
245
0
_a
Safety management : the challenge of change
100
_a
Hale, Andrew R. , 1944- Bingley, 1998 1st ed
_9
85974
942
_c
BK
008
210817s9999 xx 000 0 und d
999
_c
324491
_d
324490